000 00606nam a2200253Ia 4500
005 20260121153818.0
008 008 260114s9999 xx 000 0 eng d
020 _a9780138750633
037 _aEBOOK
040 _aCRL
040 _beng
040 _cCRL
041 _2eng
041 _aeng
084 _qCRL
100 _aJack A. Mathias; Charles Anthony
_9999420
245 0 _aIntegrated Fish Farming
260 _bTaylor and Francis
260 _c1997
856 _uhttp://www.taylorfrancis.com/books/9780138750633
942 _cEBOOK
999 _c1566241
_d1566241